00358nam a22001097a 4500008004100000020001500041050002800056100002000084245007900104260005100183300001400234210624b xxu||||| |||| 00| 0 eng d a0463687178 aBX9886.5b.N93 2020 c.1 aNyawere P.W. O. aPilgrimage of faith bconstant walk of faith that rewards cP.W.O. Nyawere aNairobi, Kenya bTriumphant faith media c2020 avi, 200p.